[Event "56th World U20 ch"]
[Site "Tarvisio ITA"]
[Date "2017.11.25"]
[Round "11.28"]
[White "Jarmula, Lukasz"]
[Black "Tran Minh Thang"]
[Result "1/2-1/2"]
[WhiteElo "2470"]
[BlackElo "2361"]
[EventDate "2017.11.13"]
[PlyCount "139"]

1.e4 c5 2.Nf3 e6 3.d4 cxd4 4.Nxd4 a6 5.c4 Nf6 6.Nc3 Qc7 7.Be2 Nc6 8.Nxc6 
dxc6 9.Be3 e5 10.O-O Be6 11.Qa4 Bd7 12.Rac1 Be7 13.Qb3 O-O 14.Bb6 Qb8 15.
c5 Be6 16.Bc4 Bxc4 17.Qxc4 Qc8 18.Rfd1 Qg4 19.Bc7 Qg5 20.Ne2 h5 21.Rc3 h4 
22.h3 Rac8 23.Bd6 Rfd8 24.Rcd3 Rd7 25.Bxe7 Rxe7 26.Rf3 g6 27.Kh1 Kg7 28.
Rfd3 Rce8 29.f3 Nh5 30.Qc1 Qxc1 31.Rxc1 Ng3+ 32.Nxg3 hxg3 33.Kg1 Kh6 34.
Rd6 Kg5 35.Kf1 f5 36.h4+ Kh5 37.Rf6 fxe4 38.fxe4 Re6 39.Rf3 Kxh4 40.Ke2 
Kg5 41.Rd1 R8e7 42.Rdd3 Kh6 43.Rxg3 Rf6 44.Rd8 Ref7 45.Rf3 Kg5 46.Ke3 
Rxf3+ 47.gxf3 Rh7 48.Rb8 a5 49.a4 Rh2 50.Rxb7 Rc2 51.b3 Rxc5 52.Kd2 Kf4 
53.Rf7+ Kg5 54.Rf8 Kh6 55.Rf6 Kh5 56.Rd6 Kg5 57.Re6 Kf4 58.Rxg6 Kxf3 59.
Kd3 Rc1 60.Rf6+ Kg4 61.Rf5 Rc5 62.Kd2 Kg3 63.Rf1 Kg4 64.Kd3 Kg3 65.Rh1 Kf3
66.Rh8 Kf4 67.Rf8+ Kg3 68.Rf5 Kg4 69.Rf1 Kg5 70.Rf5+ 1/2-1/2

[Event "56th World U20 ch"]
[Site "Tarvisio ITA"]
[Date "2017.11.25"]
[Round "11.29"]
[White "Haria, Ravi"]
[Black "Petrov, Martin"]
[Result "1/2-1/2"]
[WhiteElo "2364"]
[BlackElo "2431"]
[EventDate "2017.11.13"]
[PlyCount "61"]

1.Nf3 Nf6 2.g3 d5 3.Bg2 e6 4.O-O Be7 5.c4 O-O 6.d4 Nbd7 7.Qc2 c6 8.b3 b6 
9.Bb2 Bb7 10.Nc3 Rc8 11.e4 c5 12.exd5 exd5 13.Rfd1 Re8 14.cxd5 Nxd5 15.
Nxd5 Bxd5 16.dxc5 Rxc5 17.Qd3 Bxf3 18.Qxf3 Bf6 19.Bxf6 Qxf6 20.Qxf6 Nxf6 
21.Rac1 Rxc1 22.Rxc1 Kf8 23.Bf3 Re5 24.Rc8+ Re8 25.Rc4 Re7 26.Kg2 Ne8 27.
h4 Rc7 28.Rd4 Ke7 29.Re4+ Kf8 30.Rd4 Ke7 31.Re4+ 1/2-1/2

[Event "56th World U20 ch"]
[Site "Tarvisio ITA"]
[Date "2017.11.25"]
[Round "11.30"]
[White "Tin Jingyao"]
[Black "Milosevic, Milos"]
[Result "1-0"]
[WhiteElo "2404"]
[BlackElo "2249"]
[EventDate "2017.11.13"]
[PlyCount "67"]

1.d4 c5 2.d5 Nf6 3.Nc3 g6 4.e4 d6 5.Be2 Bg7 6.Nf3 O-O 7.O-O e5 8.Nd2 Na6 
9.Nc4 Nc7 10.a4 Nfe8 11.f4 exf4 12.Bxf4 a6 13.Bd3 Rb8 14.a5 Nb5 15.Na4 Nf6
16.c3 Re8 17.Qf3 Qc7 18.h3 Rf8 19.Nab6 Bd7 20.e5 Nh5 21.exd6 Qd8 22.Be3 f5
23.Bxc5 Be8 24.Rae1 f4 25.Re7 Bf6 26.Rfe1 Bh4 27.R1e5 Ng3 28.Qg4 Bf6 29.
Qe6+ Kh8 30.d7 Qc7 31.Qxf6+ Rxf6 32.dxe8=Q+ Rxe8 33.Rxe8+ Kg7 34.R8e7+ 1-0

[Event "56th World U20 ch"]
[Site "Tarvisio ITA"]
[Date "2017.11.25"]
[Round "11.31"]
[White "Krishna Teja, N."]
[Black "Sosa, Tomas"]
[Result "1/2-1/2"]
[WhiteElo "2363"]
[BlackElo "2469"]
[EventDate "2017.11.13"]
[PlyCount "60"]

1.Nf3 d5 2.c4 e6 3.g3 c5 4.cxd5 exd5 5.d4 Nc6 6.Bg2 Nf6 7.O-O Be7 8.Nc3 
O-O 9.dxc5 d4 10.Na4 Bf5 11.Bf4 Be4 12.Rc1 b5 13.cxb6 axb6 14.Ne1 b5 15.
Bxe4 Nxe4 16.Rxc6 Rxa4 17.Qd3 Qd5 18.Rb6 b4 19.Qb5 Qa8 20.Nf3 Rxa2 21.Nxd4
Bc5 22.Rb8 Rxb8 23.Bxb8 h6 24.Qe8+ Kh7 25.Nc6 Nd2 26.Qd7 Nxf1 27.Qf5+ Kh8 
28.Qc8+ Kh7 29.Qf5+ Kh8 30.Qc8+ Kh7 1/2-1/2

[Event "56th World U20 ch"]
[Site "Tarvisio ITA"]
[Date "2017.11.25"]
[Round "11.32"]
[White "Mohammad, Nubairshah Shaikh"]
[Black "Basso, Pierluigi"]
[Result "1/2-1/2"]
[WhiteElo "2394"]
[BlackElo "2470"]
[EventDate "2017.11.13"]
[PlyCount "100"]

1.d4 d5 2.c4 e6 3.Nc3 Be7 4.Nf3 Nf6 5.Bf4 O-O 6.a3 dxc4 7.e3 Nd5 8.Bxc4 
Nxf4 9.exf4 Nd7 10.Qd2 Nf6 11.Ne5 b6 12.d5 exd5 13.Nxd5 Bb7 14.O-O-O Nxd5 
15.Bxd5 Qxd5 16.Qxd5 Bxd5 17.Rxd5 Bd6 18.g3 Bxe5 19.fxe5 Rae8 20.Re1 Re7 
21.f4 Rfe8 22.Kd2 f6 23.Kd3 fxe5 24.fxe5 Kf7 25.Rc1 c5 26.Ke4 Rc8 27.Rc4 
Rec7 28.a4 Ke7 29.Rd6 Rf8 30.Kd5 Rf2 31.Rg4 Rd2+ 32.Kc4 Rxd6 33.Rxg7+ Kd8 
34.Rg8+ Kd7 35.exd6 Kxd6 36.Rd8+ Kc6 37.Rf8 Rd7 38.Rf6+ Kb7 $11 39.Rh6 
Rd4+ 40.Kb3 Rd7 41.Kc3 Ka6 42.Rh5 Ka5 43.b3 Ka6 44.Kc4 Rd4+ 45.Kc3 Rd7 46.
Rg5 Rf7 47.h4 Rf3+ 48.Kc4 Ka5 49.h5 h6 50.Rg6 a6 1/2-1/2

[Event "56th World U20 ch"]
[Site "Tarvisio ITA"]
[Date "2017.11.25"]
[Round "11.33"]
[White "Morozov, Nichita"]
[Black "Wang Tongsen"]
[Result "1/2-1/2"]
[WhiteElo "2467"]
[BlackElo "2396"]
[EventDate "2017.11.13"]
[PlyCount "61"]

1.e4 c5 2.Nf3 d6 3.Bb5+ Nd7 4.c3 Nf6 5.Bd3 Qc7 6.Bc2 d5 7.exd5 Nxd5 8.O-O 
e6 9.d4 Be7 10.Nbd2 O-O 11.Ne4 h6 12.dxc5 Nxc5 13.Nxc5 Bxc5 14.Qd3 Nf6 15.
Qe2 b6 16.Ne5 Ba6 17.Qxa6 Qxe5 18.Qc4 Rac8 19.Bf4 Qh5 20.Qa6 Nd5 21.Bd2 
Rfd8 22.Rae1 Bd6 23.g3 Nf6 24.Bd1 Qh3 25.Be3 Rc7 26.Qa4 Qf5 27.Qc2 Qh3 28.
Qa4 Qf5 29.Qc2 Qh3 30.Qa4 Qf5 31.Qc2 1/2-1/2

[Event "56th World U20 ch"]
[Site "Tarvisio ITA"]
[Date "2017.11.25"]
[Round "11.34"]
[White "Zhu Yi"]
[Black "Lopez Gonzalez, Abel Fabian"]
[Result "1-0"]
[WhiteElo "2432"]
[BlackElo "2384"]
[EventDate "2017.11.13"]
[PlyCount "73"]

1.d4 d5 2.c4 c6 3.Nc3 Nf6 4.Nf3 dxc4 5.a4 Bf5 6.e3 e6 7.Bxc4 Bb4 8.O-O 
Nbd7 9.h3 h6 10.Qe2 Bh7 11.e4 O-O 12.Na2 Be7 13.Nc3 Bb4 14.Bd3 Qa5 15.Nd2 
e5 16.Nc4 Qc7 17.dxe5 Nxe5 18.Bf4 Nfd7 19.Rac1 Qb8 20.Bb1 Bd6 21.Nxd6 Qxd6
22.Rcd1 Qe7 23.Ba2 a5 24.Qh5 Kh8 25.Bh2 Qc5 26.Kh1 Rad8 27.Qe2 Qe7 28.f4 
Ng6 29.Bb1 Nc5 30.e5 f5 31.exf6 Qxf6 32.f5 Rxd1 33.Rxd1 Nh4 34.Bd6 Nxf5 
35.Bxf5 Qxf5 36.g4 Ne4 37.gxf5 1-0

[Event "56th World U20 ch"]
[Site "Tarvisio ITA"]
[Date "2017.11.25"]
[Round "11.35"]
[White "Urazayev, Arystanbek"]
[Black "Vykouk, Jan"]
[Result "0-1"]
[WhiteElo "2349"]
[BlackElo "2430"]
[EventDate "2017.11.13"]
[PlyCount "70"]

1.e4 c5 2.Nf3 Nc6 3.d4 cxd4 4.Nxd4 Qb6 5.Nb3 Nf6 6.Nc3 e6 7.Qe2 Bb4 8.Bd2 
O-O 9.a3 Bxc3 10.Bxc3 e5 11.O-O-O Rd8 12.g3 d6 13.Bg2 Bg4 14.f3 Be6 15.f4 
Bxb3 16.cxb3 Qxb3 17.Kb1 Ne8 18.Bh3 Nc7 19.Rd3 Qb6 20.Rf1 Nb5 21.Bd2 Nbd4 
22.Qh5 Qb5 23.Re3 Qa4 24.Bc3 Qc2+ 25.Ka1 Nb3+ 26.Ka2 Nc1+ 27.Rxc1 Qxc1 28.
Rf3 Nd4 29.Rf1 Qc2 30.fxe5 Qb3+ 31.Ka1 Nb5 32.Bb4 dxe5 33.Qxe5 a5 34.Be7 
Rd2 35.Rc1 Nd4 0-1

[Event "56th World U20 ch"]
[Site "Tarvisio ITA"]
[Date "2017.11.25"]
[Round "11.37"]
[White "Rakotomaharo, Fy Antenaina"]
[Black "Dimic, Pavle"]
[Result "1-0"]
[WhiteElo "2414"]
[BlackElo "2357"]
[EventDate "2017.11.13"]
[PlyCount "101"]

1.d4 Nf6 2.c4 e6 3.Nc3 Bb4 4.e3 O-O 5.Ne2 Re8 6.a3 Bf8 7.e4 d5 8.e5 Nfd7 
9.c5 b6 10.b4 a5 11.Be3 axb4 12.axb4 Rxa1 13.Qxa1 bxc5 14.bxc5 Ba6 15.Qa4 
Qc8 16.Nc1 Bxf1 17.Rxf1 Qb7 18.Qb5 Qa8 19.f4 Nc6 20.Rf2 Rb8 21.Ra2 Rxb5 
22.Rxa8 Rb4 23.Nd3 Rb7 24.f5 Ndb8 25.g4 Ne7 26.Nf4 exf5 27.g5 c6 28.h4 h6 
29.gxh6 g6 30.e6 Bxh6 31.Nfxd5 Bxe3 32.exf7+ Kxf7 $11 33.Nxe3 Nd7 34.Kd2 
Rb8 35.Ra7 Rd8 36.Kc2 Ke6 37.Ne2 Kf6 38.Nf4 Nf8 39.Kd3 Ne6 40.Nxe6 Kxe6 
41.Ra6 f4 42.Ng4 Rf8 43.Ke4 f3 44.d5+ Nxd5 45.Rxc6+ Ke7 46.Kxd5 f2 47.Nxf2
Rxf2 48.Rxg6 Rf5+ 49.Kc6 Rh5 50.Rg4 Kd8 51.Kb6 1-0

[Event "56th World U20 ch"]
[Site "Tarvisio ITA"]
[Date "2017.11.25"]
[Round "11.38"]
[White "Brazdzionis, Andrius"]
[Black "Nikolovski, Nikola"]
[Result "1/2-1/2"]
[WhiteElo "2322"]
[BlackElo "2412"]
[EventDate "2017.11.13"]
[PlyCount "34"]

1.d4 Nf6 2.Nf3 d5 3.c4 e6 4.g3 Be7 5.Bg2 O-O 6.O-O dxc4 7.Qa4 a6 8.Qxc4 b5
9.Qc2 Bb7 10.Bd2 Be4 11.Qb3 Bd5 12.Qc2 Be4 13.Qb3 Bd5 14.Qc2 Be4 15.Qb3 
Bd5 16.Qc2 Be4 17.Qb3 Bd5 $11 1/2-1/2

[Event "56th World U20 ch"]
[Site "Tarvisio ITA"]
[Date "2017.11.25"]
[Round "11.39"]
[White "Peng Xiongjian"]
[Black "Batsuren, Dambasuren"]
[Result "1/2-1/2"]
[WhiteElo "2412"]
[BlackElo "2352"]
[EventDate "2017.11.13"]
[PlyCount "131"]

1.d4 Nf6 2.c4 e6 3.Nc3 Bb4 4.e3 O-O 5.Ne2 d5 6.a3 Be7 7.cxd5 exd5 8.g3 a5 
9.Bg2 Na6 10.O-O Re8 11.Nf4 c6 12.f3 c5 13.Kh1 Nc7 14.Nce2 b6 15.g4 Ba6 
16.Re1 Nd7 17.Bd2 Nf8 18.Qb3 Bc4 19.Qc2 a4 20.Bc3 Bd6 21.Ng3 g6 22.Qd2 Nb5
23.dxc5 bxc5 24.Nxd5 Bxd5 25.Qxd5 Nxc3 26.bxc3 Bxg3 27.Qxd8 Raxd8 28.hxg3 
Rd3 29.e4 Rb8 30.c4 Rbb3 31.Red1 Ne6 32.Rxd3 Rxd3 33.Rb1 Rxa3 34.Rb8+ Kg7 
35.Ra8 Nd4 36.g5 Nxf3 37.Bxf3 Rxf3 38.Kg2 Re3 39.Ra5 Rxe4 40.Rxc5 a3 41.
Kf3 a2 42.Ra5 Re5 43.Rxa2 Rxg5 44.Rc2 Rc5 45.Ke4 Kf6 46.Kd4 Rg5 47.c5 Ke6 
48.c6 Rd5+ 49.Ke4 Rd8 50.g4 Rc8 51.g5 Rc7 52.Rf2 Kd6 53.Rf6+ Kc5 54.Ke5 
Re7+ 55.Kf4 Kd5 56.Kg4 Ke5 57.Rf4 Rc7 58.Rf2 Ra7 59.Rf1 Kd6 60.Rf6+ Ke7 
61.Rf1 Ra4+ 62.Kg3 Rc4 63.Rh1 Rxc6 64.Rxh7 Rc1 65.Rh2 Rg1+ 66.Kf4 1/2-1/2

[Event "56th World U20 ch"]
[Site "Tarvisio ITA"]
[Date "2017.11.25"]
[Round "11.40"]
[White "Zarubitsky, Viachaslau"]
[Black "Keymer, Vincent"]
[Result "0-1"]
[WhiteElo "2344"]
[BlackElo "2405"]
[EventDate "2017.11.13"]
[PlyCount "52"]

1.e4 c5 2.Nf3 d6 3.d4 cxd4 4.Nxd4 Nf6 5.Nc3 a6 6.Be3 e5 7.Nb3 Be6 8.Qd2 
Nbd7 9.f4 b5 10.O-O-O Be7 11.h3 O-O 12.Kb1 Rc8 13.f5 b4 14.fxe6 bxc3 15.
exf7+ Rxf7 16.Qd3 cxb2 17.Qxa6 Nxe4 18.Bc4 Nc3+ 19.Kxb2 Nxd1+ 20.Rxd1 Qc7 
21.Bxf7+ Kxf7 22.Qd3 Nf6 23.g4 Qc6 24.Bg1 h6 25.Be3 d5 26.c3 Ne4 {...} 0-1

[Event "56th World U20 ch"]
[Site "Tarvisio ITA"]
[Date "2017.11.25"]
[Round "11.41"]
[White "Bersamina, Paulo"]
[Black "Macovei, Andrei"]
[Result "1-0"]
[WhiteElo "2404"]
[BlackElo "2343"]
[EventDate "2017.11.13"]
[PlyCount "127"]

1.Nf3 Nf6 2.g3 g6 3.Bg2 Bg7 4.c4 O-O 5.d4 d6 6.O-O Nbd7 7.b3 e5 8.Nc3 Re8 
9.e4 exd4 10.Nxd4 a6 11.Re1 Rb8 12.Bb2 c5 13.Nc2 Ne5 14.Ne3 b5 15.cxb5 
axb5 16.a4 bxa4 17.Nxa4 Bb7 18.f4 Ned7 19.e5 dxe5 20.fxe5 Nh5 21.Bxb7 Rxb7
22.Nc4 Rb8 23.Qd5 Nf8 24.Qxd8 Rexd8 25.Nxc5 Nd7 26.Ne4 Rxb3 27.Red1 Rbb8 
28.Ra7 Nf8 29.Rxd8 Rxd8 30.Ncd6 Nd7 31.e6 fxe6 32.Bxg7 Nxg7 33.Ng5 Nf8 34.
Ngf7 Rxd6 35.Nxd6 h5 36.Nf7 Nf5 37.Ne5 g5 38.g4 hxg4 39.Nxg4 Ng6 40.Nf6+ 
Kf8 41.Nh7+ Ke8 42.Nxg5 e5 43.Ne4 Nfe7 44.Nf6+ Kf7 45.Nd5 Ke6 46.Nxe7 Nxe7
47.Kf2 Ng6 48.Kg3 Kf5 49.Rf7+ Kg5 50.Rh7 e4 51.h4+ Kf5 52.Rf7+ Ke6 53.Rf1 
Ne5 54.Kf4 Ng6+ 55.Kg3 Ne5 56.h5 e3 57.Re1 Nc4 58.Kf4 Kf6 59.Rg1 e2 60.Re1
Kg7 61.Rxe2 Kh6 62.Rc2 Na5 63.Rc5 Nb7 64.Rd5 1-0

[Event "56th World U20 ch"]
[Site "Tarvisio ITA"]
[Date "2017.11.25"]
[Round "11.42"]
[White "Xu Yining"]
[Black "Bakhmatsky, Vladislav"]
[Result "1-0"]
[WhiteElo "2321"]
[BlackElo "2404"]
[EventDate "2017.11.13"]
[PlyCount "49"]

1.e4 c5 2.Nf3 d6 3.d4 cxd4 4.Nxd4 Nf6 5.Nc3 a6 6.Bd3 Nc6 7.Nxc6 bxc6 8.O-O
g6 9.Kh1 Bg7 10.f4 O-O 11.f5 d5 12.e5 Nd7 13.e6 Ne5 14.Bf4 Nxd3 15.Qxd3 
gxf5 16.exf7+ Rxf7 17.Rae1 a5 18.Rf3 Ba6 19.Qd2 Qb6 20.Rg3 d4 21.Be5 dxc3 
22.Qh6 Kf8 23.Rxg7 Rd8 24.Rxh7+ Ke8 25.Rh8+ 1-0

[Event "56th World U20 ch"]
[Site "Tarvisio ITA"]
[Date "2017.11.25"]
[Round "11.43"]
[White "Begmuratov, Alisher"]
[Black "Zuo Yifan"]
[Result "1/2-1/2"]
[WhiteElo "2401"]
[BlackElo "2346"]
[EventDate "2017.11.13"]
[PlyCount "76"]

1.e4 c5 2.Nf3 Nc6 3.Bb5 e6 4.O-O Nge7 5.Nc3 a6 6.Bxc6 Nxc6 7.d4 cxd4 8.
Nxd4 b5 9.Nxc6 dxc6 10.Qxd8+ Kxd8 11.Rd1+ Ke8 12.Bf4 Bb7 13.Rd2 Rd8 14.
Rxd8+ Kxd8 15.Rd1+ Kc8 16.e5 Be7 17.Ne4 c5 18.Bg5 Bxe4 19.Bxe7 c4 20.c3 
Re8 21.Bd6 Bd3 22.f3 Kb7 23.Kf2 Kc6 24.Ke3 Kd5 25.h4 f6 26.f4 h5 27.Ra1 
Bc2 28.Rc1 Bd3 29.Ra1 Bc2 30.Kd2 Be4 31.a4 Kc6 32.axb5+ Kxb5 33.Ke3 f5 34.
Kd4 a5 35.Bc7 Ra8 36.g3 Ra7 37.Bd6 Rb7 38.Ra3 Bd5 1/2-1/2

[Event "56th World U20 ch"]
[Site "Tarvisio ITA"]
[Date "2017.11.25"]
[Round "11.44"]
[White "Nowak, Lukasz"]
[Black "Huber, Martin Christian"]
[Result "1-0"]
[WhiteElo "2310"]
[BlackElo "2396"]
[EventDate "2017.11.13"]
[PlyCount "87"]

1.e4 e6 2.d4 d5 3.Nc3 Nf6 4.e5 Nfd7 5.f4 c5 6.Nf3 Nc6 7.Be3 Be7 8.Qd2 O-O 
9.dxc5 Qa5 10.O-O-O b6 11.cxb6 axb6 12.Nd4 Nxd4 13.Bxd4 Nc5 14.a3 Bd7 15.
f5 exf5 16.Nxd5 Nb3+ 17.cxb3 Qxd5 18.Bc4 Qc6 19.Bc3 Be6 20.Bd5 Bxd5 21.
Qxd5 Qg6 22.Kb1 Rfd8 23.Qf3 Qe6 24.b4 Rdc8 25.Qd5 Qg6 26.Rhe1 f4+ 27.Qe4 
Qe6 28.Qd5 Qg6+ 29.Qe4 Qe6 30.Rd5 Ra7 31.Red1 Rac7 32.R1d4 Bg5 33.Qd3 g6 
34.Qd1 h5 35.Qd3 Kh7 36.Ka1 Bh6 37.Kb1 Qg4 38.g3 Qh3 39.gxf4 Qxh2 40.f5 
Qg1+ 41.Ka2 Qf2 42.fxg6+ Kg7 43.gxf7 Rxc3 44.f8=Q+ 1-0

[Event "56th World U20 ch"]
[Site "Tarvisio ITA"]
[Date "2017.11.25"]
[Round "11.46"]
[White "Tutisani, Noe"]
[Black "Micottis, Dorian"]
[Result "1/2-1/2"]
[WhiteElo "2361"]
[BlackElo "2273"]
[EventDate "2017.11.13"]
[PlyCount "64"]

1.e4 c6 2.d4 d5 3.Nc3 dxe4 4.Nxe4 Bf5 5.Ng3 Bg6 6.h4 h6 7.Nf3 e6 8.Ne5 Bh7
9.f4 Nd7 10.Bd3 Bxd3 11.Qxd3 Be7 12.Bd2 Nxe5 13.fxe5 Bxh4 14.O-O-O Bxg3 
15.Qxg3 Ne7 16.Bb4 Nf5 17.Qf4 g5 18.Qf2 g4 19.Kb1 Qd5 20.Rhe1 O-O-O 21.b3 
g3 22.Qg1 Kb8 23.c4 Qd7 24.Rd3 Ka8 25.Red1 Qc7 26.Qe1 h5 27.Qe4 Rhg8 28.
Bc3 h4 29.Kb2 Rc8 30.Rh1 Rh8 31.Rh3 Rcd8 32.a4 Rd7 $11 1/2-1/2

[Event "56th World U20 ch"]
[Site "Tarvisio ITA"]
[Date "2017.11.25"]
[Round "11.47"]
[White "Sadhwani, Raunak"]
[Black "Miciano, John Marvin"]
[Result "0-1"]
[WhiteElo "2339"]
[BlackElo "2151"]
[EventDate "2017.11.13"]
[PlyCount "79"]

1.e4 d6 2.d4 Nf6 3.Nc3 g6 4.f4 Bg7 5.Bd3 O-O 6.Nf3 Nbd7 7.e5 Ne8 8.Qe2 c5 
9.d5 Nb6 10.Be4 Nc7 11.Be3 f5 12.exf6 exf6 13.Bd3 Re8 14.Kf2 Kh8 15.Bc4 
Bg4 16.b3 f5 17.Qd3 Bxf3 18.Kxf3 Nd7 19.Rae1 g5 20.Nb5 gxf4 21.Bxf4 Ne5+ 
22.Bxe5 dxe5 23.Ke2 e4 24.Qg3 Nxb5 25.Bxb5 Rg8 26.Bc4 Bd4 27.Qh3 Qg5 28.g3
Qe3+ 29.Kd1 Qf3+ 30.Kc1 Qc3 31.Kd1 e3 32.Qg2 Rae8 33.d6 e2+ 34.Rxe2 Qa1+ 
35.Kd2 Bc3+ 36.Kd3 Be1 37.Re6 Qd1+ 38.Ke3 f4+ 39.Ke4 Qd4+ 40.Kf5 0-1

[Event "56th World U20 ch"]
[Site "Tarvisio ITA"]
[Date "2017.11.25"]
[Round "11.48"]
[White "Taalaibekov, Tagir"]
[Black "Timerkhanov, Alexander"]
[Result "1/2-1/2"]
[WhiteElo "2219"]
[BlackElo "2312"]
[EventDate "2017.11.13"]
[PlyCount "77"]

1.d4 d5 2.Bf4 c5 3.e3 Nc6 4.Nc3 a6 5.dxc5 e5 6.Bg3 Be6 7.Nf3 f6 8.Na4 Bxc5
9.Nxc5 Qa5+ 10.c3 Qxc5 11.Be2 Nge7 12.O-O O-O 13.Nd2 Rfd8 14.Bf3 Nf5 15.
Bg4 Qe7 16.Nb3 b6 17.Qe2 Nd6 18.Bf3 Nc4 19.Qc2 Rac8 20.Rad1 b5 21.e4 d4 
22.cxd4 exd4 23.Qb1 N4e5 24.Be2 d3 25.Bh5 g6 26.f4 Nc4 27.f5 gxh5 28.fxe6 
Ne3 29.Rf4 Nxd1 30.Qxd1 Nd4 31.Nxd4 Rxd4 32.Bf2 Rdd8 33.Be1 Rc2 34.Bd2 
Qxe6 35.Rh4 Qb6+ 36.Kf1 Qd4 37.Qxh5 Qa7 38.Rg4+ Kh8 39.Qh6 {... 56 moves} 
1/2-1/2

[Event "56th World U20 ch"]
[Site "Tarvisio ITA"]
[Date "2017.11.25"]
[Round "11.49"]
[White "Doluweera, Minul Sanjula"]
[Black "Ioannidis, Evgenios"]
[Result "1/2-1/2"]
[WhiteElo "2154"]
[BlackElo "2302"]
[EventDate "2017.11.13"]
[PlyCount "85"]

1.d4 d5 2.c4 c6 3.cxd5 cxd5 4.Bg5 Qb6 5.Nc3 Nc6 6.Qd2 h6 7.Bh4 g5 8.Bg3 
Nf6 9.e3 Bf5 10.Be5 Nxe5 11.dxe5 Ne4 12.Nxd5 Nxd2 13.Nxb6 axb6 14.Bb5+ Bd7
15.Bxd7+ Kxd7 16.Kxd2 Bg7 17.f4 f6 18.f5 fxe5 19.e4 e6 20.fxe6+ Kxe6 21.
Ne2 Rhd8+ 22.Kc2 Rf8 23.Rhf1 Rxf1 24.Rxf1 Rxa2 25.Nc3 Ra8 26.g4 Rc8 27.Kd3
Rc5 28.Nd5 b5 29.b3 Rc8 30.Ra1 Bf8 31.Ra5 b4 32.Rb5 Rc1 33.Rb6+ Bd6 34.
Nxb4 Rd1+ 35.Ke3 Re1+ 36.Kd3 Rd1+ 37.Ke3 Re1+ 38.Kd3 Rd1+ 39.Kc3 Rg1 40.h3
Rg3+ 41.Nd3 Rxh3 42.Kc4 Kd7 43.Rxb7+ $11 1/2-1/2

[Event "56th World U20 ch"]
[Site "Tarvisio ITA"]
[Date "2017.11.25"]
[Round "11.50"]
[White "Urbanc, Peter"]
[Black "Bayramov, Elkhan"]
[Result "1/2-1/2"]
[WhiteElo "2290"]
[BlackElo "2065"]
[EventDate "2017.11.13"]
[PlyCount "75"]

1.c4 Nf6 2.Nc3 g6 3.e4 d6 4.g3 Bg7 5.Bg2 e5 6.Nge2 Nc6 7.O-O Be6 8.Nd5 Nd4
9.Nxd4 exd4 10.d3 Qd7 11.Bh6 O-O 12.Nxf6+ Bxf6 13.Bxf8 Rxf8 14.f4 Bg7 15.
f5 gxf5 16.Qh5 fxe4 17.Bxe4 h6 18.Rf2 Bg4 19.Qa5 Be5 20.Bxb7 c6 21.Qa6 f5 
22.Bxc6 Qg7 23.Qb7 Qg5 24.Bf3 Bh3 25.Bg2 Bg4 26.c5 Qe3 27.cxd6 f4 28.Bd5+ 
Kh8 29.Be4 Bg7 30.gxf4 Rxf4 31.Rf1 Be2 32.d7 Rxf2 33.Rxf2 Qc1+ 34.Kg2 Qg5+
35.Kh1 Qc1+ 36.Kg2 Qg5+ 37.Kh1 Qc1+ 38.Kg2 1/2-1/2

[Event "56th World U20 ch"]
[Site "Tarvisio ITA"]
[Date "2017.11.25"]
[Round "11.51"]
[White "Hiebert, Kenji"]
[Black "Nie Xinyang"]
[Result "1-0"]
[WhiteElo "2017"]
[BlackElo "2288"]
[EventDate "2017.11.13"]
[PlyCount "114"]

1.Nf3 d5 2.d4 Nf6 3.c4 c6 4.Nc3 a6 5.cxd5 cxd5 6.Bf4 Nc6 7.e3 Bf5 8.Bd3 
Bxd3 9.Qxd3 e6 10.O-O Be7 11.h3 O-O 12.Rfc1 b5 13.Ne5 Nxe5 14.Bxe5 Nd7 15.
Bg3 f5 16.a4 b4 17.Ne2 Qe8 18.Nf4 Bf6 19.Rc6 Ne5 20.dxe5 Qxc6 21.exf6 Rxf6
22.Ne2 Rff8 23.Nd4 Qd7 24.Rc1 Rfc8 25.Rxc8+ Qxc8 26.Qc2 Kf7 27.Nc6 Qb7 28.
Qc5 Rc8 29.Ne5+ Kg8 30.Qd6 Re8 31.Nc6 b3 32.Nd4 Qf7 33.Nxb3 g5 34.Nc5 h5 
35.Nxa6 f4 36.exf4 h4 37.Bh2 Qf5 38.Kh1 g4 39.Nc7 Rf8 40.hxg4 Qxg4 41.Nxe6
Re8 42.Ng5 Qf5 43.Nh3 Re1+ 44.Bg1 Rd1 45.a5 d4 46.a6 Ra1 47.Qxd4 Rxa6 48.
Qc4+ Qe6 49.Qxe6+ Rxe6 50.f3 Re1 51.Kh2 Rb1 52.Bd4 Kf7 53.Ng5+ Kg6 54.Ne4 
Kf5 55.Be5 Kg6 56.Nd6 Kh5 57.f5 Re1 1-0

[Event "56th World U20 ch"]
[Site "Tarvisio ITA"]
[Date "2017.11.25"]
[Round "11.52"]
[White "Signorelli, Gaetano"]
[Black "Noboa Silva, Kevin"]
[Result "1/2-1/2"]
[WhiteElo "2193"]
[BlackElo "2356"]
[EventDate "2017.11.13"]
[PlyCount "78"]

1.e4 e6 2.d4 d5 3.Nd2 c5 4.exd5 exd5 5.Bb5+ Nc6 6.Ngf3 Bd6 7.dxc5 Bxc5 8.
O-O Ne7 9.Nb3 Bd6 10.Nbd4 O-O 11.h3 a6 12.Bd3 Ng6 13.c3 Bc7 14.Nf5 Bxf5 
15.Bxf5 Qd6 16.g3 Bb6 17.Kg2 Rad8 18.Qb3 Na5 19.Qc2 Nc4 20.Bg5 Rde8 21.
Rad1 Bd8 22.Bxd8 Rxd8 23.Rd4 Qb6 24.Qb3 Ne7 25.Bxh7+ Kxh7 26.Rxc4 Qxb3 27.
Rh4+ Kg8 28.axb3 Nc6 29.Rd1 Rfe8 30.Kf1 Rd6 31.Re1 Rde6 32.Rh5 Rxe1+ 33.
Nxe1 d4 34.Rd5 dxc3 35.bxc3 Rc8 36.Nd3 b6 37.c4 Na5 38.Rd6 Nxb3 39.Rxb6 
Nd2+ $11 1/2-1/2

[Event "56th World U20 ch"]
[Site "Tarvisio ITA"]
[Date "2017.11.25"]
[Round "11.53"]
[White "Abdulla, Murad"]
[Black "Thilakarathne, G. M. H."]
[Result "1/2-1/2"]
[WhiteElo "2316"]
[BlackElo "2141"]
[EventDate "2017.11.13"]
[PlyCount "98"]

1.e4 c5 2.Nf3 d6 3.d4 cxd4 4.Nxd4 Nf6 5.Nc3 a6 6.h3 e6 7.g4 b5 8.g5 b4 9.
gxf6 bxc3 10.fxg7 Bxg7 11.bxc3 Bb7 12.Qg4 Be5 13.Bd2 h5 14.Qe2 Nd7 15.Bg2 
Nc5 16.Nb3 Na4 17.Qe3 Nb2 18.O-O Nc4 19.Qd3 Nxd2 20.Nxd2 Bf4 21.Nc4 Rg8 
22.Rab1 Qg5 23.Qf3 Bc6 24.Na5 Qxa5 25.Qxf4 Qe5 26.Qxe5 dxe5 27.Kh2 O-O-O 
28.Rfd1 Kc7 29.f3 h4 30.Kg1 Ba4 31.Rbc1 Rxd1+ 32.Rxd1 Bxc2 33.Rd2 Ba4 34.
Kf2 Bc6 35.Bf1 Rg3 36.Rd3 a5 37.Re3 Kd6 38.Rd3+ Kc7 39.c4 f5 40.Re3 fxe4 
41.fxe4 Rxe3 42.Kxe3 Kd6 43.Kd3 Kc5 44.a3 Ba4 45.Be2 Bb3 46.Kc3 a4 47.Bf1 
Bd1 48.Kd2 Bf3 49.Ke3 Bh1 1/2-1/2

[Event "56th World U20 ch"]
[Site "Tarvisio ITA"]
[Date "2017.11.25"]
[Round "11.54"]
[White "De Block, Yordi"]
[Black "Chen, Richard"]
[Result "1/2-1/2"]
[WhiteElo "2119"]
[BlackElo "2309"]
[EventDate "2017.11.13"]
[PlyCount "99"]

1.d4 Nf6 2.c4 c5 3.e3 g6 4.Nf3 Bg7 5.Nc3 cxd4 6.exd4 d5 7.c5 Nc6 8.Bf4 O-O
9.Be2 Ne4 10.O-O Bg4 11.Be3 Qd7 12.h3 Bxf3 13.Bxf3 f5 14.Ne2 Rad8 15.g3 e5
16.dxe5 Nxe5 17.Bg2 Nc4 18.Bd4 Nxb2 19.Qc2 Nc4 20.Bxg7 Kxg7 21.Rad1 Rfe8 
22.Nf4 Qf7 23.Rd4 g5 24.Nxd5 Ne5 25.Rfd1 Nc6 26.R4d3 Re5 27.Qb2 Kf8 28.Nb4
Rxd3 29.Rxd3 Nxb4 30.Rd8+ Re8 31.Rxe8+ Kxe8 32.Qxb4 Qe7 33.Qa4+ Kd8 34.
Bxe4 Qxe4 $11 35.Qxa7 Qb1+ 36.Kg2 Qe4+ 37.Kh2 Qf3 38.Qb8+ Kd7 39.Qd6+ Kc8 
40.Kg1 g4 41.hxg4 fxg4 42.a4 Qe4 43.Qd1 h5 44.a5 Qe5 45.Qc1 Kc7 46.Kh2 h4 
47.Qc2 Kb8 48.c6 hxg3+ 49.fxg3 Qh8+ 50.Kg2 $11 1/2-1/2

[Event "56th World U20 ch"]
[Site "Tarvisio ITA"]
[Date "2017.11.25"]
[Round "11.55"]
[White "Kumar, Gaurav"]
[Black "Schweighoffer, Martin"]
[Result "1/2-1/2"]
[WhiteElo "2297"]
[BlackElo "2123"]
[EventDate "2017.11.13"]
[PlyCount "80"]

1.e4 e5 2.Nf3 Nc6 3.d4 exd4 4.Nxd4 Bc5 5.Nxc6 Qf6 6.Qf3 bxc6 7.Nd2 d6 8.
Nb3 Qxf3 9.gxf3 Bb6 10.c4 Be6 11.Be3 Bxe3 12.fxe3 c5 13.e5 a5 14.exd6 cxd6
15.O-O-O Ke7 16.Nd2 Nf6 17.e4 Nh5 18.Nb1 Nf4 19.Nc3 h5 20.Rg1 Rhg8 21.b3 
g5 22.Ne2 Nxe2+ 23.Bxe2 a4 24.Kb2 f6 25.Rd2 Ra5 26.f4 h4 27.fxg5 fxg5 28.
Bg4 axb3 29.Bxe6 Kxe6 30.axb3 Rga8 31.Rd5 Ra2+ 32.Kc3 Rxh2 33.Rgxg5 Raa2 
34.Rg6+ Ke7 35.Rgxd6 Rhe2 36.Rd7+ Ke8 37.Rd8+ Ke7 38.R8d7+ Ke8 39.Rd8+ Ke7
$11 40.R8d7+ Ke8 1/2-1/2

[Event "56th World U20 ch"]
[Site "Tarvisio ITA"]
[Date "2017.11.25"]
[Round "11.56"]
[White "Holtman, Teodor"]
[Black "De Vleeschauwer, Maarten"]
[Result "1/2-1/2"]
[WhiteElo "2296"]
[BlackElo "2139"]
[EventDate "2017.11.13"]
[PlyCount "106"]

1.e4 c5 2.Nf3 e6 3.d4 cxd4 4.Nxd4 Nc6 5.Nc3 Qc7 6.Be3 a6 7.Qf3 b5 8.O-O-O 
Bb7 9.Nxc6 Qxc6 10.Bd3 b4 11.Ne2 Nf6 12.e5 Qxf3 13.gxf3 Nd5 14.Bd4 Be7 15.
Rhg1 O-O 16.Ng3 Nf4 17.Ne4 Nxd3+ 18.Rxd3 Rfc8 19.Be3 Bd5 20.Bh6 g6 21.Bg5 
Bxg5+ 22.Rxg5 Bxe4 23.fxe4 Rc4 24.f3 Rac8 25.Rg2 R8c5 26.a3 a5 27.axb4 
axb4 28.Rxd7 Rxe5 29.Rb7 Rec5 30.Rf2 h5 31.b3 Rd4 32.Rd2 Rxd2 33.Kxd2 Rc3 
34.Rxb4 Rxf3 35.c4 Kf8 36.c5 Ke7 37.Rb7+ Kd8 38.c6 h4 39.b4 h3 40.b5 Rb3 
41.Kc2 Rb4 42.Kc3 Rb1 43.Kc4 Rb2 44.Kc5 Rxh2 45.Rd7+ Ke8 46.Kb6 Rc2 47.Rd1
g5 48.c7 h2 49.Rh1 Kd7 50.Rd1+ Ke7 51.Rh1 Kd7 52.Rd1+ Ke7 53.Rh1 Kd7 $11 
1/2-1/2